Land for learning : Justin Morrill & America's land-grant colleges /

Relates the history of the land-grant colleges and universities of the United States, including their fostering by Vermont Senator Justin Smith Morrill.

Bibliographic Details
Corporate Author: Vermont ETV
Other Authors: Halstead, Jill, Collins, Mary
Format: Video VHS
Language:English
Published: Colchester, Vt. : Vermont ETV, 1997.
Subjects:

MARC

Tag First Indicator Second Indicator Subfields
LEADER 00000cgm a2200000 a 4500
001 in00001453613
005 20151020173606.0
007 vf cbahou
008 980422s1997 vtu058 vleng d
035 |a (OCoLC)38995674 
035 |9 AJD0602AM 
040 |a VLD  |c VLD  |d TXA  |d UtOrBLW 
043 |a n-us--- 
049 |a TXAM 
090 |a LB2329.5  |b L355 1997 
092 |a 378.0540973 
245 0 0 |a Land for learning :  |b Justin Morrill & America's land-grant colleges /  |c Vermont ETV. 
246 1 |i Subtitle on cassette:  |a Justin Morrill and America's land-grant colleges & universities 
264 1 |a Colchester, Vt. :  |b Vermont ETV,  |c 1997. 
300 |a 1 videocassette (58 min.) :  |b sound, color ;  |c 1/2 in. 
336 |a two-dimensional moving image  |b tdi  |2 rdacontent 
337 |a video  |b v  |2 rdamedia 
338 |a videocassette  |b vf  |2 rdacarrier 
538 |a VHS. 
508 |a Producer, Jill Halstead. 
511 0 |a Narrator, Mary Collins. 
520 |a Relates the history of the land-grant colleges and universities of the United States, including their fostering by Vermont Senator Justin Smith Morrill. 
500 |a Videorecording. 
600 1 0 |a Morrill, Justin S.  |q (Justin Smith),  |d 1810-1898. 
650 0 |a State universities and colleges  |z United States  |x History. 
700 1 |a Halstead, Jill. 
700 1 |a Collins, Mary. 
710 2 |a Vermont ETV. 
948 |a c:br 
999 |a MARS 
999 f f |s b98617c7-7326-3e48-ae48-b98fae62f8be  |i 67db8e8f-6f71-37dc-83b4-83de29be6692  |t 0 
952 f f |p noncirc  |a Texas A&M University  |b College Station  |c Cushing Memorial Library & Archives  |d Cushing: Texas A&M (Does not check out)  |t 0  |e LB2329.5 .L355 1997  |h Library of Congress classification  |i video -- videocassette 
998 f f |a LB2329.5 .L355 1997  |t 0  |l Cushing: Texas A&M (Does not check out)